[Event "Abe Yanofsky mem U2000"]
[Site "Winnipeg CAN"]
[Date "2003.09.01"]
[Round "6"]
[White "Bince, Rolando"]
[Black "Czarny, Keith"]
[Result "1-0"]
[WhiteElo "1858"]
[BlackElo "1621"]
[PlyCount "75"]
[EventDate "2003.08.29"]
[EventType "swiss"]
[EventRounds "6"]
[EventCountry "CAN"]

1. e4 Nf6 2. e5 Nd5 3. c4 Nb6 4. d4 d6 5. Nf3 Nc6 6. Bd3 dxe5 7. d5 Nb4 8. Nxe5
Nxd3+ 9. Qxd3 g6 10. O-O Bg7 11. Re1 Qd6 12. Qe3 O-O 13. Nd2 e6 14. dxe6 Bxe6
15. b3 Rfe8 16. Bb2 f6 17. Nef3 Qd7 18. Qc3 Qf7 19. Rad1 Bd7 20. Qa5 Bc6 21.
Rxe8+ Rxe8 22. Kf1 Qd7 23. Qc3 a6 24. Qd4 f5 25. Qxg7+ Qxg7 26. Bxg7 Kxg7 27.
Nd4 Bd7 28. f4 Nc8 29. N4f3 Re7 30. Ne5 Be8 31. Nb1 Nd6 32. Nc3 Nf7 33. Nd5 Re6
34. Nxc7 Re7 35. Nxe8+ Rxe8 36. Rd7 Rf8 37. Rxb7 Kg8 38. Nxf7 1-0

[Event "Abe Yanofsky mem U2000"]
[Site "Winnipeg CAN"]
[Date "2003.09.01"]
[Round "6"]
[White "Boron, Anthony"]
[Black "Graham, Ken"]
[Result "1/2-1/2"]
[WhiteElo "1904"]
[BlackElo "1903"]
[PlyCount "74"]
[EventDate "2003.08.29"]
[EventType "swiss"]
[EventRounds "6"]
[EventCountry "CAN"]

1. d4 Nf6 2. Bg5 Ne4 3. Bf4 d5 4. e3 e6 5. f3 Nd6 6. Bd3 Nc6 7. c3 Bd7 8. Nd2
Qf6 9. Ne2 e5 10. Bg3 exd4 11. Nxd4 Ne5 12. Bxe5 Qxe5 13. Qe2 O-O-O 14. O-O-O
g6 15. e4 Bh6 16. exd5 Qxd5 17. Kb1 Rhe8 18. Qf1 Re3 19. Ne4 f5 20. Nxd6+ Qxd6
21. Bc4 Qb6 22. Bb3 Rde8 23. Qc4 Kb8 24. Nc2 Bb5 25. Qh4 g5 26. Qd4 Qxd4 27.
Nxd4 Bd3+ 28. Bc2 Bxc2+ 29. Kxc2 f4 30. Nf5 Re2+ 31. Rd2 Bf8 32. Rhd1 c5 33.
Rxe2 Rxe2+ 34. Rd2 Rxd2+ 35. Kxd2 Kc7 36. Kd3 Kd7 37. Ke4 Ke6 1/2-1/2

[Event "Abe Yanofsky mem U2000"]
[Site "Winnipeg CAN"]
[Date "2003.09.01"]
[Round "6"]
[White "Clark, Jeff"]
[Black "Van Wyk, Joseph"]
[Result "0-1"]
[WhiteElo "1717"]
[BlackElo "1939"]
[PlyCount "94"]
[EventDate "2003.08.29"]
[EventType "swiss"]
[EventRounds "6"]
[EventCountry "CAN"]

1. Nf3 Nf6 2. c4 e6 3. g3 c5 4. Bg2 Nc6 5. O-O d5 6. d3 Be7 7. Nbd2 O-O 8. b3
a6 9. Bb2 b5 10. cxd5 exd5 11. Rc1 Qd6 12. d4 c4 13. Ne5 Bd7 14. e4 dxe4 15.
Nxe4 Nxe4 16. Bxe4 Bf6 17. bxc4 bxc4 18. Nxd7 Qxd7 19. Rxc4 Rac8 20. Qd3 g6 21.
Rd1 Rfd8 22. Bc3 Ne5 23. dxe5 Qxd3 24. Rxd3 Rxc4 25. exf6 Rxd3 26. Bxd3 Rxc3
27. Bxa6 Rc6 28. Bb5 Rxf6 29. a4 Rf5 30. Kf1 Kg7 31. Ke2 Kf6 32. f4 Rh5 33. h4
Rd5 34. Ke3 Kf5 35. Bc4 Ra5 36. Bb5 Kg4 37. Kf2 Ra7 38. Be2+ Kh3 39. Bf1+ Kh2
40. Bb5 Rc7 41. Be2 Rc3 42. a5 Rxg3 43. Bf3 Rg1 44. a6 Ra1 45. Bb7 Ra3 46. Bc8
f5 47. h5 Kh3 0-1

[Event "Abe Yanofsky mem U2000"]
[Site "Winnipeg CAN"]
[Date "2003.09.01"]
[Round "6"]
[White "Cowdrey, Eric"]
[Black "Zaczek, Jonathan"]
[Result "1-0"]
[WhiteElo "1773"]
[BlackElo "1658"]
[PlyCount "85"]
[EventDate "2003.08.29"]
[EventType "swiss"]
[EventRounds "6"]
[EventCountry "CAN"]

1. d4 Nf6 2. c4 g6 3. Nc3 Bg7 4. e4 d6 5. Nf3 O-O 6. Be2 e5 7. d5 a5 8. O-O
Nbd7 9. Qc2 Ne8 10. Bg5 f6 11. Bd2 f5 12. Bg5 Bf6 13. Bxf6 Ndxf6 14. Nd2 f4 15.
Nb5 g5 16. c5 Rf7 17. cxd6 Nxd6 18. Nxd6 cxd6 19. Rac1 Rg7 20. Nc4 g4 21. f3 g3
22. h3 Nh5 23. a4 Qh4 24. Nxd6 Bxh3 25. gxh3 Qxh3 26. Qc8+ Rxc8 27. Rxc8+ Qxc8
28. Nxc8 Rc7 29. Nb6 Rc2 30. Re1 Nf6 31. Nc4 Nd7 32. Nxa5 Rxb2 33. Bb5 Nc5 34.
Nc4 Rb4 35. Nxe5 Nxa4 36. Bxa4 Rxa4 37. d6 Kf8 38. Rd1 Ra8 39. Nd3 Ke8 40. Nxf4
Kd7 41. Nh5 Rd8 42. Nxg3 Ke6 43. Nf5 1-0

[Event "Abe Yanofsky mem U2000"]
[Site "Winnipeg CAN"]
[Date "2003.09.01"]
[Round "6"]
[White "Gannon, Keith"]
[Black "Conway, Edward J"]
[Result "1/2-1/2"]
[WhiteElo "1615"]
[BlackElo "1773"]
[PlyCount "56"]
[EventDate "2003.08.29"]
[EventType "swiss"]
[EventRounds "6"]
[EventCountry "CAN"]

1. e4 c5 2. Nf3 e6 3. Nc3 a6 4. b3 Nc6 5. Bb2 Nf6 6. a4 b6 7. Bc4 Bb7 8. O-O
Be7 9. Re1 d6 10. d4 Nxd4 11. Nxd4 cxd4 12. Qxd4 O-O 13. Rad1 Qc7 14. Qd2 Rad8
15. Qe2 Rfe8 16. Bxa6 Bxa6 17. Qxa6 d5 18. exd5 exd5 19. Qd3 Ng4 20. Qg3 Qxg3
21. hxg3 Bc5 22. Rxe8+ Rxe8 23. Nxd5 Nxf2 24. Ne7+ Kf8 25. Rd7 Nd3+ 26. Bd4 Ne5
27. Bxc5 Nxd7 28. Ng6+ Kg8 1/2-1/2

[Event "Abe Yanofsky mem U2000"]
[Site "Winnipeg CAN"]
[Date "2003.09.01"]
[Round "6"]
[White "Klokow, John"]
[Black "Baser, John"]
[Result "1/2-1/2"]
[WhiteElo "1761"]
[BlackElo "1891"]
[PlyCount "82"]
[EventDate "2003.08.29"]
[EventType "swiss"]
[EventRounds "6"]
[EventCountry "CAN"]

1. e4 c5 2. Nf3 d6 3. d4 cxd4 4. Nxd4 Nf6 5. Nc3 a6 6. Rg1 b5 7. g4 Bb7 8. Bg2
e6 9. g5 Nfd7 10. Be3 b4 11. Na4 Qa5 12. b3 Nc6 13. Nb2 Nxd4 14. Qxd4 e5 15.
Qd2 Nc5 16. Nc4 Qc7 17. Qxb4 Nxe4 18. Bxe4 Bxe4 19. Nxd6+ Bxd6 20. Qxe4 O-O 21.
c4 Bb4+ 22. Ke2 Bc3 23. Rac1 Qa5 24. Rc2 Rad8 25. Rd1 Rxd1 26. Kxd1 Rd8+ 27.
Ke2 Bd4 28. c5 Qb5+ 29. Rc4 Qa5 30. Rc2 Qb5+ 31. Rc4 Qa5 32. Qc2 g6 33. c6 Qd5
34. c7 Rc8 35. Bxd4 exd4 36. Qd3 Qe5+ 37. Kd1 Rxc7 38. Rxc7 Qxc7 39. Qxd4 Qxh2
40. Qd8+ Kg7 41. Qf6+ Kg8 1/2-1/2

[Event "Abe Yanofsky mem U2000"]
[Site "Winnipeg CAN"]
[Date "2003.09.01"]
[Round "6"]
[White "Lafreniere, Adrian"]
[Black "Dean, Tim"]
[Result "1-0"]
[WhiteElo "1787"]
[BlackElo "1767"]
[PlyCount "62"]
[EventDate "2003.08.29"]
[EventType "swiss"]
[EventRounds "6"]
[EventCountry "CAN"]

1. e4 e5 2. Nf3 Nc6 3. d4 exd4 4. Nxd4 Nf6 5. f3 Bc5 6. Be3 Nxd4 7. Bxd4 Qe7 8.
Bc4 O-O 9. O-O Re8 10. Kh1 Bb6 11. c3 d6 12. Na3 Be6 13. Qd2 Bxc4 14. Nxc4 Bxd4
15. cxd4 d5 16. exd5 Nxd5 17. Rfe1 Qb4 18. Qxb4 Nxb4 19. a3 Nc2 20. Rxe8+ Rxe8
21. Rd1 Nxd4 22. h3 c5 23. b4 b6 24. Nd6 Re7 25. bxc5 bxc5 26. Ne4 f5 27. Nxc5
Ne2 28. Kh2 f4 29. Ne4 Rc7 30. Rd2 Nc1 31. Ng5 h6 1-0

[Event "Abe Yanofsky mem U2000"]
[Site "Winnipeg CAN"]
[Date "2003.09.01"]
[Round "6"]
[White "Magyar, Peter"]
[Black "MacPherson, Al"]
[Result "0-1"]
[WhiteElo "1711"]
[BlackElo "1891"]
[PlyCount "118"]
[EventDate "2003.08.29"]
[EventType "swiss"]
[EventRounds "6"]
[EventCountry "CAN"]

1. e4 c5 2. Nc3 d6 3. g3 Nf6 4. Bg2 Nc6 5. f4 e6 6. Nf3 Qc7 7. d3 a6 8. O-O Be7
9. Be3 Ng4 10. Bd2 Bd7 11. a3 O-O-O 12. f5 Nge5 13. Bf4 Bf6 14. Bd2 h5 15. Rb1
h4 16. b4 cxb4 17. axb4 Qb6+ 18. Rf2 Nxf3+ 19. Bxf3 hxg3 20. hxg3 Bd4 21. Be1
Bxf2+ 22. Bxf2 Qc7 23. b5 Ne5 24. Na4 Nxf3+ 25. Kg2 Qa5 26. c4 Qd2 27. Qxf3 Qh6
28. Nb6+ Kc7 29. bxa6 Qh2+ 30. Kf1 Qh1+ 31. Qxh1 Rxh1+ 32. Bg1 bxa6 33. Kg2
Rhh8 34. c5 dxc5 35. Bxc5 Rb8 36. e5 Bc6+ 37. Kf2 Rhd8 38. Bd6+ Rxd6 39. exd6+
Kxd6 40. Nc4+ Kc7 41. Rxb8 Kxb8 42. fxe6 fxe6 43. Ke3 Kc7 44. Kf4 Bb5 45. Nb2
a5 46. Ke5 Kd7 47. d4 a4 48. Nxa4 Bxa4 49. d5 exd5 50. Kxd5 Ke7 51. Ke5 Bd7 52.
Kf4 Kf6 53. g4 Kg6 54. g5 Bc8 55. Kf3 Kxg5 56. Kg3 g6 57. Kf3 Kh4 58. Kf2 Kh3
59. Kg1 g5 0-1

[Event "Abe Yanofsky mem U2000"]
[Site "Winnipeg CAN"]
[Date "2003.09.01"]
[Round "6"]
[White "Milord, Frank"]
[Black "Baglien, Brandon"]
[Result "1-0"]
[WhiteElo "1566"]
[BlackElo "1645"]
[PlyCount "81"]
[EventDate "2003.08.29"]
[EventType "swiss"]
[EventRounds "6"]
[EventCountry "CAN"]

1. e4 c5 2. Nf3 d6 3. d4 cxd4 4. Nxd4 Nf6 5. Nc3 g6 6. Be3 Bg7 7. f3 O-O 8. Bc4
Nc6 9. Qd2 Bd7 10. Bb3 Rc8 11. O-O-O Ne5 12. h4 Nc4 13. Bxc4 Rxc4 14. g4 Qa5
15. Kb1 Rfc8 16. Nd5 Qxd2 17. Nxf6+ Bxf6 18. Rxd2 Bg7 19. c3 b5 20. Nc2 a5 21.
Bd4 Bxd4 22. Nxd4 h6 23. Ne2 b4 24. cxb4 axb4 25. b3 R4c5 26. Nf4 Bc6 27. Ne2
Bb5 28. Nd4 Ba6 29. h5 e5 30. Ne2 Bxe2 31. Rxe2 g5 32. Rd2 R5c6 33. Rhd1 Rd8
34. Rd5 Kf8 35. Rxe5 dxe5 36. Rxd8+ Ke7 37. Rd3 Rd6 38. Kc2 Ra6 39. Kb2 Rd6 40.
Rxd6 Kxd6 41. a4 1-0

[Event "Abe Yanofsky mem U2000"]
[Site "Winnipeg CAN"]
[Date "2003.09.01"]
[Round "6"]
[White "Rutter, Blair"]
[Black "Charter, Bennet"]
[Result "0-1"]
[WhiteElo "1751"]
[BlackElo "1706"]
[PlyCount "57"]
[EventDate "2003.08.29"]
[EventType "swiss"]
[EventRounds "6"]
[EventCountry "CAN"]

1. d4 Nf6 2. c4 g6 3. Nc3 d5 4. Nf3 Bg7 5. h3 O-O 6. Bf4 c5 7. dxc5 Qa5 8. Bd2
Qxc5 9. cxd5 Nxd5 10. Rc1 Nxc3 11. Bxc3 Bxc3+ 12. Rxc3 Qa5 13. a3 Rd8 14. Qc1
Bd7 15. e3 Nc6 16. b4 Qb6 17. Bc4 Rac8 18. O-O a6 19. Rd1 Nb8 20. Rd2 Kg7 21.
Qb2 Qf6 22. Rdc2 Bf5 23. Rc1 Rxc4 24. Nd4 Rxc3 25. Qxc3 e5 26. Nf3 Rc8 27. Qxc8
Bxc8 28. Rxc8 Nc6 29. g4 0-1

[Event "Abe Yanofsky mem U2000"]
[Site "Winnipeg CAN"]
[Date "2003.09.01"]
[Round "6"]
[White "Shome, Devarshi"]
[Black "Strub, Michael"]
[Result "0-1"]
[WhiteElo "1689"]
[BlackElo "1767"]
[PlyCount "72"]
[EventDate "2003.08.29"]
[EventType "swiss"]
[EventRounds "6"]
[EventCountry "CAN"]

1. e4 e5 2. f4 Bc5 3. Nf3 d6 4. c3 Bb6 5. d4 exd4 6. cxd4 Nf6 7. Nc3 Bg4 8. Be2
Nc6 9. Be3 Ba5 10. Qc2 Qe7 11. h3 Nxe4 12. hxg4 Nxc3 13. bxc3 Qxe3 14. Rxh7
Qxc3+ 15. Kf2 Qxc2 16. Rxh8+ Ke7 17. Rxa8 Bb6 18. Kf1 Nxd4 19. Nxd4 Bxd4 20.
Re1 Kd7 21. Re8 c6 22. Re7+ Kd8 23. Rxb7 Qd2 24. Rb8+ Kc7 25. Re8 Qxf4+ 26. Bf3
d5 27. R8e7+ Kd6 28. Re8 Bb6 29. Rg8 Qd4 30. Ke2 Qe3+ 31. Kd1 Qd3+ 32. Kc1 Be3+
33. Rxe3 Qxe3+ 34. Kc2 d4 35. Rxg7 Qc3+ 36. Kb1 d3 0-1

[Event "Abe Yanofsky mem U2000"]
[Site "Winnipeg CAN"]
[Date "2003.09.01"]
[Round "6"]
[White "Thompson, Brian"]
[Black "Curtis, Rory"]
[Result "0-1"]
[WhiteElo "1864"]
[BlackElo "1652"]
[PlyCount "60"]
[EventDate "2003.08.29"]
[EventType "swiss"]
[EventRounds "6"]
[EventCountry "CAN"]

1. e4 e5 2. Nf3 d6 3. d4 Nf6 4. Nc3 Nbd7 5. Bc4 Be7 6. O-O c6 7. dxe5 dxe5 8.
Ng5 O-O 9. f4 exf4 10. Bxf4 Qb6+ 11. Kh1 Qxb2 12. Qd3 Nc5 13. Qe3 h6 14. Nxf7
Rxf7 15. Bxf7+ Kxf7 16. e5 Ng4 17. Qd2 Bf5 18. h3 Rd8 19. Qc1 Nf2+ 20. Rxf2
Qxc3 21. g4 Be4+ 22. Kh2 Kg8 23. Bg3 Bd5 24. Re2 Ne4 25. Re3 Qc5 26. Qe1 Nxg3
27. Kxg3 Qxc2 28. Re2 Qc5 29. Rc1 Qb6 30. Qc3 Rf8 0-1

[Event "Abe Yanofsky mem U2000"]
[Site "Winnipeg CAN"]
[Date "2003.09.01"]
[Round "6"]
[White "Wangen, Michael"]
[Black "Jarmasz, Mark"]
[Result "1/2-1/2"]
[WhiteElo "1907"]
[BlackElo "1759"]
[PlyCount "57"]
[EventDate "2003.08.29"]
[EventType "swiss"]
[EventRounds "6"]
[EventCountry "CAN"]

1. c4 c5 2. g3 g6 3. Bg2 Bg7 4. Nc3 Nc6 5. Rb1 d6 6. d3 e6 7. Bd2 Nge7 8. Nf3
O-O 9. O-O Bd7 10. Nb5 Qb8 11. Qc1 a6 12. Nc3 b5 13. Bh6 b4 14. Bxg7 Kxg7 15.
Ne4 f5 16. Ned2 Ra7 17. h4 e5 18. Ng5 Nd4 19. Re1 h6 20. e3 Ndc6 21. Nh3 Ng8
22. Nf1 Nf6 23. Qd2 Nd8 24. d4 Ne6 25. dxe5 dxe5 26. Rbd1 Rd8 27. Qd6 Qxd6 28.
Rxd6 Bc8 29. Red1 1/2-1/2

[Event "Albert Boxer Classic"]
[Site "Winnipeg CAN"]
[Date "2003.05.17"]
[Round "1"]
[White "Curtis, Rory"]
[Black "Lipnowski, Samuel"]
[Result "0-1"]
[WhiteElo "1649"]
[BlackElo "2135"]
[PlyCount "86"]
[EventDate "2003.05.17"]
[EventType "swiss"]
[EventRounds "5"]
[EventCountry "CAN"]
[Source "ChessBase"]
[SourceDate "2003.07.09"]

1. d4 Nf6 2. c4 g6 3. Nc3 Bg7 4. e4 d6 5. Nf3 O-O 6. Be2 e5 7. O-O Nc6 8. d5
Ne7 9. b4 a5 10. b5 Nh5 11. Re1 Nf4 12. Be3 f5 13. Ng5 Nexd5 14. Nxd5 Qxg5 15.
Nxf4 exf4 16. Bd4 fxe4 17. Bxg7 Kxg7 18. Qd4+ Qe5 19. Qxe5+ dxe5 20. c5 Be6 21.
Bd1 Rfd8 22. Rxe4 Kf6 23. Re2 Rd4 24. f3 Rad8 25. Bb3 Bc4 26. Bxc4 Rxc4 27. c6
bxc6 28. bxc6 Rxc6 29. Rae1 Rd5 30. Re4 Rc2 31. a4 Rdd2 32. h4 Rxg2+ 33. Kh1
Rh2+ 34. Kg1 Rcg2+ 35. Kf1 Rg3 36. Rxe5 Rxf3+ 37. Kg1 Rxh4 38. Re6+ Kf5 39.
R6e5+ Kg4 40. Rf1 Rxf1+ 41. Kxf1 Kf3 42. Ke1 Rh1+ 43. Kd2 Rh5 0-1

[Event "Albert Boxer Classic"]
[Site "Winnipeg CAN"]
[Date "2003.05.17"]
[Round "1"]
[White "Gibbons, Lorne"]
[Black "Rutter, Blair"]
[Result "0-1"]
[WhiteElo "1363"]
[BlackElo "1711"]
[PlyCount "103"]
[EventDate "2003.05.17"]
[EventType "swiss"]
[EventRounds "5"]
[EventCountry "CAN"]
[Source "ChessBase"]
[SourceDate "2003.07.09"]

1. d4 d5 2. c4 e6 3. Nc3 c5 4. dxc5 d4 5. Ne4 Nc6 6. Nf3 e5 7. Qa4 h6 8. b4 f6
9. b5 Qa5+ 10. Qxa5 Nxa5 11. e3 Be6 12. Nd6+ Bxd6 13. cxd6 dxe3 14. Bxe3 Nxc4
15. Bc5 b6 16. Bb4 Kd7 17. Bxc4 Bxc4 18. a4 a5 19. bxa6 Rxa6 20. Nd2 Bd5 21. f3
f5 22. O-O Nf6 23. Rfd1 Bc6 24. Nc4 Re8 25. Bc3 Bd5 26. Nxe5+ Kxd6 27. Nf7+ Ke6
28. Bxf6 Kxf7 29. Rxd5 Kxf6 30. Rd4 b5 31. Rad1 bxa4 32. Rd6+ Re6 33. R6d4 a3
34. Ra1 Reb6 35. Rd2 g5 36. Rda2 Rb3 37. h3 h5 38. Kf2 f4 39. Ke2 Ke5 40. Kd2
Kd4 41. Kc2 Rc3+ 42. Kd2 Rd3+ 43. Ke2 h4 44. Rb1 Kc4 45. Rc2+ Rc3 46. Ra2 Ra4
47. Kd2 Ra5 48. Rba1 Kb4 49. Kd1 Rd5+ 50. Ke2 Re3+ 51. Kf2 Rb3 52. Re1 0-1

[Event "Albert Boxer Classic"]
[Site "Winnipeg CAN"]
[Date "2003.05.17"]
[Round "1"]
[White "Greenberg, Harley"]
[Black "Anderson, George"]
[Result "1-0"]
[WhiteElo "1730"]
[BlackElo "1540"]
[PlyCount "69"]
[EventDate "2003.05.17"]
[EventType "swiss"]
[EventRounds "5"]
[EventCountry "CAN"]
[Source "ChessBase"]
[SourceDate "2003.07.09"]

1. d4 b5 2. Nf3 Bb7 3. e3 b4 4. c4 e6 5. Bd3 Nf6 6. O-O Nc6 7. Re1 Ne7 8. e4 d5
9. cxd5 exd5 10. Nbd2 a5 11. e5 Nd7 12. Ng5 h6 13. Qh5 Ng6 14. Bxg6 Qxg5 15.
Bxf7+ Kd8 16. Qf3 c6 17. Nc4 Qh4 18. e6 Nf6 19. Ne5 Bd6 20. g3 Qxd4 21. Ng6 Rh7
22. e7+ Kd7 23. Nf8+ Kc7 24. Nxh7 Ne4 25. e8=Q Rxe8 26. Bxe8 Bc5 27. Be3 Qc4
28. Rac1 Qb5 29. Qf7+ Kb6 30. Bxc5+ Nxc5 31. Re7 d4 32. Rxb7+ Nxb7 33. Bxc6
Qxc6 34. Rxc6+ Kxc6 35. Qc4+ 1-0

[Event "Albert Boxer Classic"]
[Site "Winnipeg CAN"]
[Date "2003.05.17"]
[Round "1"]
[White "Hogeveen Rutter, Alexander"]
[Black "Kaptsan, Aron"]
[Result "1/2-1/2"]
[WhiteElo "1585"]
[BlackElo "1999"]
[PlyCount "64"]
[EventDate "2003.05.17"]
[EventType "swiss"]
[EventRounds "5"]
[EventCountry "CAN"]
[Source "ChessBase"]
[SourceDate "2003.07.09"]

1. e4 Nf6 2. Nc3 e5 3. Nf3 d6 4. Bc4 Be7 5. O-O O-O 6. d3 Nc6 7. h3 Na5 8. Bd5
c6 9. Bb3 Nxb3 10. axb3 h6 11. Be3 a6 12. Na4 Be6 13. Qd2 Nd7 14. d4 exd4 15.
Nxd4 b5 16. Nb6 Nxb6 17. Nxc6 Qc7 18. Nxe7+ Qxe7 19. Bxb6 Qb7 20. Qd4 Rfc8 21.
Rfc1 Rc6 22. Ba5 Rac8 23. Bc3 f6 24. f3 Qf7 25. Rd1 Qg6 26. g4 h5 27. Kh2 Kf7
28. Rg1 hxg4 29. hxg4 Qg5 30. Kg3 Qe5+ 31. Qxe5 dxe5 32. Rg2 b4 1/2-1/2

[Event "Albert Boxer Classic"]
[Site "Winnipeg CAN"]
[Date "2003.05.17"]
[Round "1"]
[White "Khedkar, Jay"]
[Black "Gannon, Keith"]
[Result "1-0"]
[WhiteElo "1997"]
[BlackElo "1583"]
[PlyCount "105"]
[EventDate "2003.05.17"]
[EventType "swiss"]
[EventRounds "5"]
[EventCountry "CAN"]
[Source "ChessBase"]
[SourceDate "2003.07.09"]

1. e4 e5 2. Nf3 Nc6 3. Bb5 a6 4. Ba4 d6 5. c3 Bd7 6. O-O Be7 7. d3 Nf6 8. Nbd2
O-O 9. Re1 Nb8 10. Nf1 Bxa4 11. Qxa4 Qd7 12. Qb3 c6 13. Ng3 b5 14. d4 exd4 15.
cxd4 Qc7 16. Bf4 Nbd7 17. Nf5 Nb6 18. Rac1 Nc4 19. Qb4 Nh5 20. Be3 Nxe3 21.
Rxe3 a5 22. Qxb5 cxb5 23. Rxc7 Bf6 24. Nxd6 b4 25. g3 Bd8 26. Rb7 g6 27. Ne5
Bg5 28. f4 Bf6 29. Ndxf7 Rxf7 30. Nxf7 Bxd4 31. Kf2 Rc8 32. Kf3 Bxe3 33. Kxe3
Rc2 34. e5 Rxh2 35. g4 Ng7 36. Ng5 Kf8 37. Ke4 Rxb2 38. Nxh7+ Kg8 39. Nf6+ Kf8
40. Kd5 Rxa2 41. Kd6 Rd2+ 42. Nd5 Ne8+ 43. Kc5 Ng7 44. Rb6 Kf7 45. Rf6+ Kg8 46.
Rxg6 Kf8 47. Rb6 Rg2 48. Nf6 Rg3 49. f5 b3 50. Rb7 a4 51. e6 Nxe6+ 52. fxe6 a3
53. Rf7# 1-0

[Event "Albert Boxer Classic"]
[Site "Winnipeg CAN"]
[Date "2003.05.17"]
[Round "1"]
[White "Plocek, Jaroslav"]
[Black "Lauritson, Jim"]
[Result "0-1"]
[WhiteElo "1562"]
[BlackElo "1914"]
[PlyCount "66"]
[EventDate "2003.05.17"]
[EventType "swiss"]
[EventRounds "5"]
[EventCountry "CAN"]
[Source "ChessBase"]
[SourceDate "2003.07.09"]

1. d4 f5 2. Nf3 Nf6 3. c4 e6 4. Nc3 d5 5. cxd5 exd5 6. a3 c6 7. Bg5 Bd6 8. e3
O-O 9. Bd3 Qe8 10. O-O Qh5 11. h3 Ne4 12. Bf4 Bxf4 13. exf4 Qh6 14. Ne2 Nd7 15.
Kh2 Ndf6 16. Ne5 Be6 17. f3 Nd6 18. g3 Kh8 19. Qc2 Nh5 20. Qc5 Rad8 21. Qxa7 g5
22. fxg5 Qxg5 23. f4 Qg7 24. Qc5 Rg8 25. Rf3 Ne4 26. Bxe4 fxe4 27. Re3 Rdf8 28.
Rg1 Qh6 29. Rf1 Nxg3 30. Rxg3 Rxg3 31. Nxg3 Qxh3+ 32. Kg1 Qxg3+ 33. Kh1 Qh4+
0-1

[Event "Albert Boxer Classic"]
[Site "Winnipeg CAN"]
[Date "2003.05.17"]
[Round "1"]
[White "Schulz, Waldemar"]
[Black "Zaczek, Jonathan"]
[Result "1-0"]
[WhiteElo "2039"]
[BlackElo "1614"]
[PlyCount "35"]
[EventDate "2003.05.17"]
[EventType "swiss"]
[EventRounds "5"]
[EventCountry "CAN"]
[Source "ChessBase"]
[SourceDate "2003.07.09"]

1. d4 Nf6 2. Nf3 g6 3. c4 Bg7 4. Nc3 O-O 5. e4 d6 6. Be2 e5 7. O-O Bg4 8. Be3
Nbd7 9. Rc1 Re8 10. d5 Nb6 11. Nd2 Bd7 12. b4 Nc8 13. c5 Ne7 14. Nc4 dxc5 15.
bxc5 Nc8 16. Qb3 b6 17. c6 Bg4 18. f3 1-0

[Event "Albert Boxer Classic"]
[Site "Winnipeg CAN"]
[Date "2003.05.17"]
[Round "2"]
[White "Curtis, Rory"]
[Black "Hogeveen Rutter, Alexander"]
[Result "1-0"]
[WhiteElo "1649"]
[BlackElo "1585"]
[PlyCount "81"]
[EventDate "2003.05.17"]
[EventType "swiss"]
[EventRounds "5"]
[EventCountry "CAN"]
[Source "ChessBase"]
[SourceDate "2003.07.09"]

1. d4 Nf6 2. c4 g6 3. Nc3 Bg7 4. e4 d6 5. Nf3 O-O 6. Be2 Bg4 7. O-O Nbd7 8. h3
Bxf3 9. Bxf3 e5 10. d5 a5 11. Be3 h5 12. Rc1 Kh7 13. Kh1 Bh6 14. Re1 Rh8 15.
Rc2 Kg7 16. Qc1 Nb8 17. Na4 Qd7 18. b3 Ng4 19. c5 Nxe3 20. fxe3 Na6 21. cxd6
Qxd6 22. a3 Rac8 23. Be2 Nb8 24. Nc5 Qb6 25. Rc3 Rhd8 26. Rf1 c6 27. Rf3 Kg8
28. Nd3 Nd7 29. b4 axb4 30. Nxb4 Nb8 31. Bc4 Rd6 32. dxc6 Nxc6 33. Bxf7+ Kg7
34. Nxc6 Rcxc6 35. Bd5 Rxc3 36. Qxc3 Rxd5 37. exd5 Qd6 38. e4 Bf4 39. g3 Bh6
40. Qb4 Qc7 41. Qf8+ 1-0

[Event "Albert Boxer Classic"]
[Site "Winnipeg CAN"]
[Date "2003.05.17"]
[Round "2"]
[White "Greenberg, Harley"]
[Black "Schulz, Waldemar"]
[Result "1-0"]
[WhiteElo "1730"]
[BlackElo "2039"]
[PlyCount "49"]
[EventDate "2003.05.17"]
[EventType "swiss"]
[EventRounds "5"]
[EventCountry "CAN"]
[Source "ChessBase"]
[SourceDate "2003.07.09"]

1. c4 Nf6 2. Nf3 g6 3. Nc3 d5 4. d4 Bg7 5. cxd5 Nxd5 6. g3 O-O 7. Bg2 c6 8. O-O
Be6 9. Ng5 Nxc3 10. bxc3 Bc4 11. Re1 e5 12. Rb1 exd4 13. Rxb7 dxc3 14. Qa4 Qc8
15. Rxb8 Rxb8 16. Qxc4 Qf5 17. e4 Qb5 18. Qxb5 cxb5 19. e5 Rfd8 20. e6 c2 21.
exf7+ Kh8 22. Bf3 Bc3 23. Ne6 Rd3 24. Bh6 Rxf3 25. Nd8 1-0

[Event "Albert Boxer Classic"]
[Site "Winnipeg CAN"]
[Date "2003.05.17"]
[Round "2"]
[White "Kaptsan, Aron"]
[Black "Proulx, Roy"]
[Result "1-0"]
[WhiteElo "1999"]
[BlackElo "1731"]
[PlyCount "59"]
[EventDate "2003.05.17"]
[EventType "swiss"]
[EventRounds "5"]
[EventCountry "CAN"]
[Source "ChessBase"]
[SourceDate "2003.07.09"]

1. d4 d5 2. c4 e6 3. Nc3 Nf6 4. Bg5 c6 5. e3 Nbd7 6. Nf3 Be7 7. Qc2 O-O 8.
O-O-O dxc4 9. Bxc4 b5 10. Bd3 h6 11. h4 Nd5 12. Bxe7 Qxe7 13. Nxd5 cxd5 14. Kb1
b4 15. g4 e5 16. Bf5 e4 17. Bxd7 Bxd7 18. Ne5 Rfc8 19. Qe2 b3 20. axb3 Rab8 21.
g5 Rb6 22. gxh6 Rxh6 23. h5 a6 24. Rc1 Rxc1+ 25. Rxc1 Bb5 26. Qg4 Re6 27. Rc8+
Kh7 28. Qf5+ g6 29. hxg6+ fxg6 30. Qh3+ 1-0

[Event "Albert Boxer Classic"]
[Site "Winnipeg CAN"]
[Date "2003.05.17"]
[Round "2"]
[White "Lipnowski, Samuel"]
[Black "Lauritson, Jim"]
[Result "1-0"]
[WhiteElo "2135"]
[BlackElo "1914"]
[PlyCount "59"]
[EventDate "2003.05.17"]
[EventType "swiss"]
[EventRounds "5"]
[EventCountry "CAN"]
[Source "ChessBase"]
[SourceDate "2003.07.09"]

1. e4 c5 2. Nf3 e6 3. d4 cxd4 4. Nxd4 a6 5. Bd3 Nc6 6. Nxc6 dxc6 7. O-O e5 8.
Nd2 Nf6 9. Nc4 Qc7 10. f4 Bc5+ 11. Kh1 Ng4 12. Qe2 b5 13. Nxe5 Nxe5 14. fxe5
Be6 15. c3 Rd8 16. Bf4 Qd7 17. Bc2 Bc4 18. Qh5 Bxf1 19. Rxf1 g6 20. Qf3 h5 21.
Bg5 Rc8 22. b4 Bb6 23. Bb3 f5 24. exf6 Kf8 25. f7 Bd8 26. Bf6 Rh7 27. e5 Bxf6
28. Qxf6 Qe7 29. Qxg6 Rh8 30. Qg8+ 1-0

[Event "Albert Boxer Classic"]
[Site "Winnipeg CAN"]
[Date "2003.05.17"]
[Round "2"]
[White "Rutter, Blair"]
[Black "Khedkar, Jay"]
[Result "1/2-1/2"]
[WhiteElo "1711"]
[BlackElo "1997"]
[PlyCount "93"]
[EventDate "2003.05.17"]
[EventType "swiss"]
[EventRounds "5"]
[EventCountry "CAN"]
[Source "ChessBase"]
[SourceDate "2003.07.09"]

1. d4 Nf6 2. c4 g6 3. Nc3 d5 4. h3 Bg7 5. Nf3 O-O 6. Bf4 c6 7. e3 Nbd7 8. Be2
dxc4 9. Bxc4 Nb6 10. Bb3 Nbd5 11. Bg3 Qa5 12. Qd2 Nxc3 13. Qxc3 Qxc3+ 14. bxc3
Ne4 15. Rc1 Nxg3 16. fxg3 Bf5 17. Nd2 Bd3 18. g4 Ba6 19. Ne4 b6 20. c4 Rad8 21.
Rd1 Bb7 22. Rf1 c5 23. d5 Be5 24. Ke2 Kg7 25. Ng5 h6 26. Nf3 Bg3 27. e4 e6 28.
Rd3 exd5 29. exd5 Rde8+ 30. Re3 Ba6 31. Nd2 b5 32. Rff3 Be5 33. Kd3 Bd4 34.
Rxe8 Rxe8 35. cxb5 Bxb5+ 36. Bc4 Bd7 37. Ne4 f5 38. Nd6 Re5 39. gxf5 gxf5 40.
g4 Kf6 41. Bb3 Kg6 42. gxf5+ Bxf5+ 43. Nxf5 Rxf5 44. Rxf5 Kxf5 45. d6 Bf6 46.
d7 Be7 47. Bd5 1/2-1/2